Marketing and leasing of office space

Bibliographic Details
Main Author: Roberts, Duane F
Format: Book
Published: Chicago : Institute of real estate management , 1986
Edition:Rev. ed.
Subjects:

MARC

LEADER 00000cam a2200000 7i4500
001 0000001134
005 20030609.0
040 |a INS 
090 0 0 |a HD1393.55.   |b R63 1986 
100 1 |a Roberts, Duane F 
245 1 0 |a Marketing and leasing of office space   |c Robert F. Duane 
250 |a Rev. ed. 
260 |a Chicago :   |b Institute of real estate management ,   |c 1986 
300 |a xi, 434p. ;   |c 23 cm. 
500 |a Includes index 
650 0 0 |a Office 
650 0 0 |a Office buildings 
650 0 0 |a Office leases 
999 |a 0000002255   |b BOOK   |c Open Shelf   |e Default branch